Films commençant par S par images - Statistiques

Statistiques générales
  • Ce quiz a été pris 988 fois
  • Le résultat moyen est 15 sur 28
Statistiques - réponses
Par images Réponse % Correct
Star Wars
99%
Shrek
98%
Spider-Man
96%
Le Seigneur des Anneaux
91%
La Soupe aux choux
87%
Shining
85%
SOS Fantômes
75%
Seul sur Mars
73%
Scarface
72%
Sherlock Holmes
71%
Shazam
66%
Seul au monde
63%
Shutter Island
58%
Split
54%
Seven
52%
Simone, le voyage du siècle
51%
Les Sous-doués
50%
Le Silence des agneaux
47%
Sauvez Willy
42%
Sixième Sens
41%
Spartacus
36%
Sur la piste du Marsupilami
35%
Le Secret de Brokeback Mountain
33%
Sissi impératrice
25%
Le Sens de la fête
16%
Le Sauvage
5%
Sept Vies
5%
Sous les jupes des filles
5%
Aucun quiz correspondant
Distribution des résultats
% des personnes avec chaque résultat
Percentile par nombre de réponses
Votre historique - résultats
Vous n’avez pas pris ce quiz